[Event "POL-chT U20 1st League"]
[Site "Szczyrk"]
[Date "2017.07.29"]
[Round "8.25"]
[White "Urbanski, Wojciech"]
[Black "Tomczak, Mikolaj"]
[Result "0-1"]
[WhiteElo "1632"]
[BlackElo "2395"]
[PlyCount "62"]
[EventDate "2017.07.22"]
[EventType "team-tourn"]
[EventRounds "9"]
[EventCountry "POL"]
[SourceTitle "EXT 2019"]
[Source "ChessBase"]
[SourceDate "2018.10.10"]
[SourceVersion "1"]
[SourceVersionDate "2018.10.10"]
[SourceQuality "1"]

1. c4 Nf6 2. Nc3 e6 3. g3 d5 4. cxd5 exd5 5. d4 Bd6 6. Bg2 c6 7. Nf3 h6 8. Qc2 0-0 9. 0-0 Re8 10. Re1 Na6 11. a3 Be6 12. b4 Nc7 13. Bb2 Qd7 14. Nd2 Bf5 15. Qb3 Ne6 16. e3 a6 17. Na4 Qc7 18. Nc5 Ng5 19. Rac1 h5 20. Nf3 Nxf3+ 21. Bxf3 h4 22. Kg2 g5 23. Nd3 g4 24. Be2 Be4+ 25. Kg1 hxg3 26. Ne5 gxh2+ 27. Kxh2 Bxe5+ 28. dxe5 Rxe5 29. Bxe5 Qxe5+ 30. Kg1 Qh5 31. f3 g3 0-1

[Event "POL-chT U20 1st League"]
[Site "Szczyrk"]
[Date "2017.07.28"]
[Round "7.1"]
[White "Urbanski, Wojciech"]
[Black "Bilczewski, Kacper"]
[Result "0-1"]
[WhiteElo "1632"]
[BlackElo "2191"]
[PlyCount "72"]
[EventDate "2017.07.22"]
[EventType "team-tourn"]
[EventRounds "9"]
[EventCountry "POL"]
[SourceTitle "EXT 2019"]
[Source "ChessBase"]
[SourceDate "2018.10.10"]
[SourceVersion "1"]
[SourceVersionDate "2018.10.10"]
[SourceQuality "1"]

1. e4 d6 2. d4 Nf6 3. Nc3 e5 4. Nf3 Nbd7 5. Bc4 Be7 6. h3 0-0 7. Be3 c6 8. a4 b6 9. 0-0 Bb7 10. Ba2 a6 11. Re1 Rc8 12. Nd2 Qc7 13. f4 b5 14. b4 exd4 15. Bxd4 c5 16. bxc5 dxc5 17. Bxf6 Bxf6 18. e5 Bh4 19. Rf1 c4 20. Qg4 Be7 21. Nf3 f5 22. Qg3 Qb6+ 23. Kh1 Bb4 24. Ne2 Nc5 25. c3 Ne4 26. Qe1 Bc5 27. Ned4 Qh6 28. Nh4 Nxc3 29. Ndxf5 Rxf5 30. Qxc3 Qxh4 31. Rab1 Bd4 32. Qa3 Rxf4 33. Kh2 Rf2 34. Qg3 Rxg2+ 35. Qxg2 Bxe5+ 36. Kh1 Bxg2+ 0-1

[Event "POL-chT U20 1st League"]
[Site "Szczyrk"]
[Date "2017.07.22"]
[Round "1.19"]
[White "Urbanski, Wojciech"]
[Black "Godzwon, Iwo"]
[Result "0-1"]
[WhiteElo "1632"]
[BlackElo "2205"]
[PlyCount "116"]
[EventDate "2017.07.22"]
[EventType "team-tourn"]
[EventRounds "9"]
[EventCountry "POL"]
[SourceTitle "EXT 2019"]
[Source "ChessBase"]
[SourceDate "2018.10.10"]
[SourceVersion "1"]
[SourceVersionDate "2018.10.10"]
[SourceQuality "1"]

1. e4 c5 2. Nf3 Nc6 3. d4 cxd4 4. Nxd4 g6 5. c4 Bg7 6. Be3 Nf6 7. Nc3 d6 8. Be2 0-0 9. 0-0 Bd7 10. Qd2 Nxd4 11. Bxd4 Bc6 12. f3 a5 13. Rad1 Nd7 14. f4 Bxd4+ 15. Qxd4 Qc7 16. Bg4 Nf6 17. Bh3 Rfd8 18. Nd5 Bxd5 19. exd5 Qc5 20. Qxc5 dxc5 21. Rde1 Kf8 22. Rf3 b6 23. Rfe3 Ra7 24. a4 Ne8 25. g4 Nd6 26. b3 Re8 27. Kf2 h6 28. f5 gxf5 29. gxf5 Kg7 30. Kf3 Kf6 31. Kf4 Rg8 32. Bg4 Rd7 33. h4 Rg7 34. Bh5 Rg2 35. Re5 Rh2 36. Bg4 Rd2 37. R1e3 Rd4+ 38. Kg3 Rd8 39. Bh3 Rg8+ 40. Kh2 Rxh4 41. Rxe7 Nxf5 42. R7e4 Rxe4 43. Rxe4 Nd6 44. Rh4 Rg6 45. Bf1 Ke5 46. Bd3 f5 47. Rh3 Kd4 48. Rf3 Ke5 49. Kh3 Ne4 50. Bc2 Ng5+ 51. Kg3 Nxf3+ 52. Kxf3 h5 53. Bd1 h4 54. Kf2 h3 55. Bf3 h2 56. Bg2 Kd4 57. d6 Rxd6 58. Kg3 Rh6 0-1

[Event "POL-chT U20 1st League"]
[Site "Suchedniow"]
[Date "2016.07.28"]
[Round "6.20"]
[White "Buraczewski, Rafal"]
[Black "Urbanski, Wojciech"]
[Result "1-0"]
[WhiteElo "2020"]
[BlackElo "1723"]
[PlyCount "65"]
[EventDate "2016.07.23"]
[EventType "team-tourn"]
[EventRounds "9"]
[EventCountry "POL"]
[SourceTitle "EXT 2019"]
[Source "ChessBase"]
[SourceDate "2018.10.10"]
[SourceVersion "1"]
[SourceVersionDate "2018.10.10"]
[SourceQuality "1"]

1. d4 f5 2. g3 e6 3. Bg2 c6 4. c4 d5 5. Qc2 Nf6 6. Nh3 Bd6 7. Nd2 0-0 8. 0-0 Nbd7 9. Nf3 h6 10. Bf4 Be7 11. cxd5 cxd5 12. Bc7 Qe8 13. Nf4 Kf7 14. Ne5+ Nxe5 15. dxe5 Nd7 16. Qxf5+ Nf6 17. Qg6+ Kg8 18. exf6 Bxf6 19. Qxe8 Rxe8 20. Rab1 b6 21. e4 Ba6 22. Rfc1 Rac8 23. exd5 exd5 24. Bxd5+ Kh8 25. Re1 Rxe1+ 26. Rxe1 g5 27. Nh5 Bxb2 28. Be5+ Bxe5 29. Rxe5 g4 30. Re1 Rc5 31. Nf4 b5 32. Re7 b4 33. Ng6# 1-0

[Event "POL-chT U20 1st League"]
[Site "Suchedniow"]
[Date "2016.07.25"]
[Round "3.2"]
[White "Dembinski, Bartosz"]
[Black "Urbanski, Wojciech"]
[Result "0-1"]
[WhiteElo "1456"]
[BlackElo "1723"]
[PlyCount "94"]
[EventDate "2016.07.23"]
[EventType "team-tourn"]
[EventRounds "9"]
[EventCountry "POL"]
[SourceTitle "EXT 2019"]
[Source "ChessBase"]
[SourceDate "2018.10.10"]
[SourceVersion "1"]
[SourceVersionDate "2018.10.10"]
[SourceQuality "1"]

1. e4 d5 2. exd5 Qxd5 3. Nc3 Qa5 4. d3 Nf6 5. Nf3 Bg4 6. Be2 e6 7. Bd2 c6 8. Ne4 Qd8 9. Nxf6+ Qxf6 10. Bc3 Qd8 11. Qd2 Nd7 12. 0-0-0 f6 13. Rhe1 Bc5 14. Nd4 Bxd4 15. Bxd4 Bxe2 16. Rxe2 Kf7 17. Qf4 Re8 18. Rde1 Qa5 19. Qh4 Qxa2 20. Qh5+ Kg8 21. b3 Qa3+ 22. Kd2 Qd6 23. Re4 e5 24. Rh4 Nf8 25. Bc3 Rad8 26. Re3 b6 27. Rg3 Qe7 28. Kc1 Qf7 29. Qg4 Ng6 30. Rh5 Nf4 31. Rh4 Ng6 32. Rh5 Nf4 33. Rh4 f5 34. Qf3 g6 35. Bxe5 Nxd3+ 36. cxd3 Rxe5 37. Qxc6 Rc5+ 38. Qxc5 bxc5 39. Kc2 Rb8 40. Rc4 Rb4 41. Re3 Qb7 42. Re8+ Kg7 43. Rxc5 Rxb3 44. Rcc8 Rb2+ 45. Kc1 Rb1+ 46. Kd2 Qb4+ 47. Kc2 Qb2# 0-1

[Event "POL-chT U20 1st League"]
[Site "Suchedniow"]
[Date "2016.07.23"]
[Round "1.8"]
[White "Kozak, Antoni"]
[Black "Urbanski, Wojciech"]
[Result "1-0"]
[WhiteElo "2047"]
[BlackElo "1723"]
[PlyCount "127"]
[EventDate "2016.07.23"]
[EventType "team-tourn"]
[EventRounds "9"]
[EventCountry "POL"]
[SourceTitle "EXT 2019"]
[Source "ChessBase"]
[SourceDate "2018.10.10"]
[SourceVersion "1"]
[SourceVersionDate "2018.10.10"]
[SourceQuality "1"]

1. e4 c5 2. Nf3 d6 3. Bb5+ Bd7 4. Bxd7+ Nxd7 5. 0-0 Ngf6 6. Qe2 e6 7. c3 Be7 8. d4 cxd4 9. cxd4 d5 10. e5 Ne4 11. Ne1 Qb6 12. Be3 f6 13. f3 Ng5 14. Qd2 Nf7 15. f4 0-0 16. Nd3 f5 17. Nc3 Rac8 18. Rac1 Qa6 19. Rc2 Rc6 20. h3 Rfc8 21. g4 Nh6 22. g5 Nf7 23. b4 Qa3 24. Nb1 Rxc2 25. Nxa3 Rxd2 26. Bxd2 b6 27. Rc1 Rxc1+ 28. Nxc1 a6 29. Nc2 Kf8 30. a4 Ke8 31. Nd3 Nd8 32. b5 a5 33. Kf1 Nb7 34. Ke2 Kf7 35. Nf2 g6 36. Ne3 Bf8 37. Kd3 Be7 38. Kc2 Ke8 39. Nh1 Kf7 40. Ng3 Nd8 41. h4 Nb7 42. h5 Nd8 43. h6 Nb7 44. Ne2 Nd8 45. Kd3 Nb7 46. Bc1 Bb4 47. Nc2 Be7 48. Nc3 Nd8 49. Ne3 Ke8 50. Ncxd5 exd5 51. Nxd5 Ne6 52. Kc4 Kf7 53. Be3 Bd8 54. Nf6 Bxf6 55. gxf6 Nc7 56. d5 g5 57. e6+ Nxe6 58. dxe6+ Kxe6 59. fxg5 Ne5+ 60. Kb3 Kd5 61. Bxb6 f4 62. Bxa5 f3 63. Be1 Nd3 64. f7 1-0

[Event "Liptovsky Mikulas CupT U20"]
[Site "Liptovsky Mikulas"]
[Date "2016.06.24"]
[Round "6.2"]
[White "Cibikova, Sofia Anna"]
[Black "Urbanski, Wojciech"]
[Result "1/2-1/2"]
[WhiteElo "1716"]
[BlackElo "1636"]
[PlyCount "67"]
[EventDate "2016.06.21"]
[EventType "team-swiss"]
[EventRounds "8"]
[EventCountry "SVK"]
[SourceTitle "CBM 173 Extra"]
[Source "ChessBase"]
[SourceDate "2016.08.29"]
[SourceVersion "1"]
[SourceVersionDate "2016.08.29"]
[SourceQuality "1"]
[WhiteTeam "Detva Garde (U20)"]
[BlackTeam "Krakow Wisla (U20)"]
[WhiteTeamCountry "SVK"]
[BlackTeamCountry "POL"]

1. Nf3 d5 2. d4 e6 3. c4 c6 4. Bf4 Bd6 5. Bg3 f5 6. e3 Nf6 7. Be2 Bc7 8. 0-0 Nbd7 9. Bxc7 Qxc7 10. h3 Ne4 11. Nbd2 Ndf6 12. Ne5 0-0 13. Rc1 Qd6 14. cxd5 cxd5 15. Nxe4 fxe4 16. Qc2 Nd7 17. Nxd7 Bxd7 18. Qc7 Qxc7 19. Rxc7 Bc6 20. Rc1 Rac8 21. Rxc8 Rxc8 22. b4 Bd7 23. Rxc8+ Bxc8 24. Kf1 Kf7 25. Ke1 Ke7 26. Kd2 Kd6 27. Kc3 Bd7 28. Bg4 b5 29. f3 exf3 30. gxf3 Be8 31. h4 Bg6 32. f4 Be4 33. Be2 Kc6 34. Bg4 1/2-1/2

[Event "POL Olympiad U14"]
[Site "Spala"]
[Date "2014.12.30"]
[Round "2.12"]
[White "Bilczewski, Kacper"]
[Black "Urbanski, Wojciech"]
[Result "1-0"]
[WhiteElo "1801"]
[BlackElo "1400"]
[PlyCount "72"]
[EventDate "2014.04.06"]
[EventType "swiss"]
[EventRounds "9"]
[EventCountry "POL"]
[SourceTitle "EXT 2023"]
[Source "ChessBase"]
[SourceDate "2022.10.05"]
[SourceVersion "1"]
[SourceVersionDate "2022.10.05"]
[SourceQuality "1"]

1. e4 c5 2. c3 Qa5 3. Bc4 e6 4. Nf3 Nc6 5. 0-0 b5 6. Be2 Nge7 7. d4 cxd4 8. cxd4 d5 9. e5 Qb6 10. Nbd2 a6 11. Nb3 Nf5 12. g4 Nh6 13. h3 Be7 14. Be3 0-0 15. Qc1 Bd7 16. Bxh6 gxh6 17. Qxh6 f6 18. g5 fxg5 19. Nxg5 Bxg5 20. Qxg5+ Kh8 21. Qh4 Rf7 22. Rad1 Raf8 23. f4 Ne7 24. Bd3 Be8 25. Kh2 Rg7 26. Nc5 Bg6 27. Nd7 Qd8 28. Nxf8 Qxf8 29. Qf6 Qf7 30. Qxf7 Rxf7 31. Bxg6 Nxg6 32. Rc1 a5 33. Kg3 Ne7 34. Kh2 Nf5 35. Rg1 h6 36. Rgd1 Ne3 1-0

[Event "POL-chT U19 2nd League"]
[Site "Szczyrk"]
[Date "2014.07.28"]
[Round "6.21"]
[White "Lewandowski, Wiktor"]
[Black "Urbanski, Wojciech"]
[Result "0-1"]
[WhiteElo "1357"]
[BlackElo "1512"]
[PlyCount "160"]
[EventDate "2014.07.25"]
[EventType "team-swiss"]
[EventRounds "11"]
[EventCountry "POL"]
[SourceTitle "EXT 2015"]
[Source "ChessBase"]
[SourceDate "2014.11.20"]
[SourceVersion "1"]
[SourceVersionDate "2014.11.20"]
[SourceQuality "1"]
[WhiteTeam "Legnica Miedz U19"]
[BlackTeam "Krakow Wisla U19"]
[WhiteTeamCountry "POL"]
[BlackTeamCountry "POL"]

1. e4 c5 2. d4 cxd4 3. Qxd4 Nc6 4. Qe3 Nf6 5. Bd2 d6 6. Nc3 a6 7. 0-0-0 b5 8. f3 Bd7 9. g4 e6 10. h4 h5 11. g5 Ng8 12. f4 Qb8 13. Nf3 Ra7 14. Bh3 Na5 15. Qd4 b4 16. Ne2 Nc6 17. Qd3 a5 18. Kb1 a4 19. Nc1 Na5 20. Nd4 Ne7 21. Rde1 Nec6 22. Nxc6 Bxc6 23. f5 e5 24. Rhg1 Bb5 25. Qf3 Bc4 26. Bf1 Bxf1 27. Rgxf1 Nc6 28. Qd3 Rc7 29. Be3 Nd8 30. g6 f6 31. Re2 Be7 32. Qd5 Rb7 33. Rg2 Rb5 34. Qc4 Rf8 35. Rd1 Qb7 36. Rgd2 Qc6 37. Qxc6+ Nxc6 38. Rd5 Rxd5 39. Rxd5 Kd7 40. Rb5 Rb8 41. Rxb8 Nxb8 42. Nd3 Na6 43. Bd2 Nc5 44. Nf2 Na6 45. Nd3 Nc5 46. Nf2 b3 47. axb3 axb3 48. cxb3 Nxb3 49. Be3 Kc6 50. Kc2 Na5 51. Kc3 d5 52. exd5+ Kxd5 53. b3 Nc6 54. Kd3 e4+ 55. Kc3 Bb4+ 56. Kb2 Nd4 57. Bf4 Nxf5 58. Nd1 Kd4 59. Kc2 e3 60. Nb2 e2 61. Nd3 e1Q 62. Nxe1 Bxe1 63. Kd1 Bb4 64. Kc2 Nxh4 65. Bg3 Nxg6 66. Bf2+ Kd5 67. Kd3 h4 68. Bg1 Nf4+ 69. Ke3 Bc5+ 70. Kxf4 Bxg1 71. Kg4 g5 72. Kh3 Ke4 73. Kg2 Bb6 74. b4 g4 75. b5 h3+ 76. Kh1 Kf3 77. Kh2 g3+ 78. Kh1 g2+ 79. Kh2 g1Q+ 80. Kxh3 Qg3# 0-1